| 000 | 01137nam0a22002411 4500 | ||
|---|---|---|---|
| 001 | rc\2326407 | ||
| 005 | 20260408074905.0 | ||
| 035 | _a(NLR Aleph) 006472056 | ||
| 090 |
_a5945370 _c5945370 |
||
| 100 | _a20110829d1977 |||y0rusy50 ca | ||
| 101 | 0 | _arus | |
| 102 | _aRU | ||
| 105 | _ay z ||||| | ||
| 200 | 1 |
_aОпыт выращивания высоких урожаев на Дону в 1976 году _e[Сборник статей] _f[Науч. ред. А.Н. Кучмиев, к. с.-х. н.] _gПроизв. упр. сел. хоз-ва Рост. облисполкома. Дон. зон. НИИ сел. хоз-ва. Рост. обл. с.-х. выставка |
|
| 210 |
_aРостов-на-Дону _cКн. изд-во _d1977 |
||
| 215 |
_a93 с. _d20 |
||
| 702 | 1 |
_aКучмиев _bА.Н. _gАлександр Николаевич _4340 |
|
| 712 | 0 | 2 |
_aРостовское областное производственное управление сельского хозяйства _3RU\NLR\AUTH\8810066929 _9635504 |
| 801 | 0 |
_aRU _bNLR _gpsbo |
|
| 801 | 1 |
_aRU _bELAR _2rusmarc |
|
| 852 |
_aNLR _j77-4/10497- |
||
| 942 | _cBOOK | ||
| 980 | _aNB | ||